Francúzsko '98 16. majstrovstvá sveta vo futbale

Bibliographic Details
Main Authors: Gumán, Karol (Author), Horný, Ľudovít (Author)
Corporate Author: Majstrovstvá sveta vo futbale (Author)
Format: Conference Proceeding Book
Language:Slovak
PhysicalDescription:142 s. fareb. fotogr., tab. 30 cm
Published: Bratislava LUMI sport 1998
ISBN:8088775655
Subjects:

MARC

LEADER 00000cam a2200000 a 4500
001 vtls001343549
003 SK-MaSNL
005 20260301070202.0
008 240226s1998 xo ap r 000 0 slo
015 |a SNBA1999/01-00018 
020 |a 8088775655 
035 |a SNK000296725 
035 |a urn:nbn:sk:snk-amtju2 
035 |a urn:nbn:sk:snk-am00c66n 
035 |a 0F511F7D-A8FB-44F7-9C95-3DAC09F32D42 
040 |a SNK  |b slo  |c SNK  |e AACR2 
041 0 |a slo 
044 |a xo  |c SK 
080 |a 796.332.093.1(100)(084.12)"1998"  |2 1981 
100 1 |a Gumán, Karol  |4 aut  |9 5543 
245 1 0 |a Francúzsko '98  |b 16. majstrovstvá sveta vo futbale  |c Karol Gumán, Ľudovít Horný 
260 |a Bratislava  |b LUMI sport  |c 1998 
300 |a 142 s.  |b fareb. fotogr., tab.  |c 30 cm 
500 |a Obalový názov. Fotogr. na tit. strane 
611 2 7 |a Majstrovstvá sveta vo futbale  |n (16. :  |d 1998 :  |c Francúzsko)  |2 SNK  |9 202675 
650 0 7 |a futbal  |2 SNKPH  |9 3291 
655 7 |a obrazové publikácie  |2 SNKPH  |9 70343 
700 1 |a Horný, Ľudovít  |4 aut  |9 44326 
711 1 |a Majstrovstvá sveta vo futbale  |d 1998  |c Francúzsko  |4 aut  |9 386016 
919 |a 80-88775-65-5 
958 |a TL 
958 |a OND 
999 |c 633439  |d 635369 
952 |t P60, <03>, [BOOK], {603}  |a SNK  |b SNK  |y PREZ  |7 0  |p 17A0161794  |o snkSB 59360  |i snkKSP 8940/98  |0 0  |1 0  |4 0  |d 1998-10-01  |f 1  |l 0  |r 2025-04-08 00:00:00  |w 2026-02-23 
952 |t P60, <04>, [BOOK], {604}  |a SNK  |b SNK  |y VYP  |7 0  |p 17A0161793  |o snkSB 59360 D1  |i snkKSP 8941/98  |0 0  |1 0  |4 0  |d 1998-10-01  |l 0  |r 2005-01-02 00:00:00  |w 2026-02-23